Phòng chữa bệnh ở người cao tuổi

محفوظ في:
التفاصيل البيبلوغرافية
المؤلف الرئيسي: Nghiêm Thị Huệ
التنسيق: كتاب
اللغة:Undetermined
منشور في: H. VHTT 2003
الموضوعات:
الوسوم: إضافة وسم
لا توجد وسوم, كن أول من يضع وسما على هذه التسجيلة!
Thư viện lưu trữ: Trung tâm Học liệu Trường Đại học Cần Thơ
LEADER 00510nam a2200193Ia 4500
001 CTU_58331
008 210402s9999 xx 000 0 und d
020 |b 22000 
082 |a 618.97 
082 |b H507 
100 |a Nghiêm Thị Huệ 
245 0 |a Phòng chữa bệnh ở người cao tuổi 
245 0 |c Nghiêm Thị Huệ 
260 |a H. 
260 |b VHTT 
260 |c 2003 
650 |a geriatrics 
904 |i Minh 
980 |a Trung tâm Học liệu Trường Đại học Cần Thơ